000 00938cam a2200265 i 4500
001 38651
003 BD-RjUL
005 20211209052832.0
008 780228s1977 fr b i001 0 eng
020 _a9231015087
035 _a(BD-RjUL)38759
040 _aDLC
_cDLC
_dDLC
_dBD-RjUL
_beng
041 _aeng
082 0 0 _a016.61686
_223
_bFAA 1977
100 1 _aFazey, C.
_9119279
245 1 4 _aThe aetiology of psychoactive substance use :
_ba report and critically annotated bibliography on research into the aetiology of alcohol, nicotine, opiate and other psychoactive substance use /
_cC. Fazey.
260 _aParis :
_bUnesco,
_c1977.
300 _avii, 226 p. ;
_c25 cm.
504 _aIncludes indexes.
650 0 _aDrug abuse
_xEtiology
_vBibliography.
_9119280
650 0 _aAlcoholism
_xEtiology
_vBibliography.
_9119281
650 0 _aTobacco use
_xEtiology
_vBibliography.
_9119282
942 _2ddc
_cREF
999 _c38651
_d38651